Statistiques concernant Cinq pays ayant le plus faible IDH par continent

Cliquez ici pour prendre le quiz!

Statistiques générales

  • Ce quiz a été pris 16 818 fois
    (16 789 depuis la dernière actualisation)
  • Le résultat moyen est 15 sur 30

Statistiques - réponses

ContinentIDHPays% Correct
Afrique0,356Somalie
71%
Amérique du Sud0,718Bolivie
69%
Amérique du Sud0,738Suriname
68%
Amérique du Sud0,711Venezuela
68%
Amérique du Sud0,682Guyana
66%
Europe0,750Kosovo
66%
Amérique du Sud0,728Paraguay
66%
Europe0,750Moldavie
60%
Amérique du Nord0,510Haïti
59%
Amérique du Nord0,634Honduras
57%
Europe0,774Macédoine du Nord
54%
Amérique du Nord0,660Nicaragua
54%
Amérique du Nord0,663Guatemala
53%
Amérique du Nord0,673Salvador
52%
Europe0,779Ukraine
52%
Afrique0,394Niger
47%
Asie0,511Afghanistan
46%
Europe0,780Bosnie-Herzégovine
45%
Afrique0,433Soudan du Sud
44%
Afrique0,398Tchad
43%
Océanie0,609Vanuatu
43%
Océanie0,620Micronésie
41%
Asie0,567Syrie
41%
Asie0,557Pakistan
40%
Océanie0,630Kiribati
39%
Océanie0,567Salomon
38%
Asie0,470Yémen
33%
Océanie0,555Papouasie-Nouvelle-Guinée
32%
Afrique0,397République Centrafricaine
30%
Asie0,583Birmanie
27%

Distribution des résultats

Percentile par nombre de réponses

% des personnes avec chaque résultat

Votre développement - résultats

Vous n’avez pas pris ce quiz depuis la dernière actualisation